Show me the money (Record no. 83559)

MARC details
000 -LEADER
fixed length control field 01069cab a22002415a 4500
001 - CONTROL NUMBER
control field L154291
008 - FIXED-LENGTH DATA ELEMENTS--GENERAL INFORMATION
fixed length control field 111109e20111105xxk 000 0 eng d
035 ## - SYSTEM CONTROL NUMBER
System control number (Sirsi) u154291
041 0# - LANGUAGE CODE
Language code of text/sound track or separate title eng
100 1# - MAIN ENTRY--PERSONAL NAME
Personal name Dixon, Joanna
245 00 - TITLE STATEMENT
Title Show me the money
260 ## - PUBLICATION, DISTRIBUTION, ETC.
Date of publication, distribution, etc. 2011
490 ## - SERIES STATEMENT
Series statement Estates Gazette
Volume/sequential designation (1144) 5 November 2011, 98-100(3)
520 ## - SUMMARY, ETC.
Summary, etc. Reviews recent cases which have considered alleged breaches of the Tenancy Deposit Scheme (TDS): "Vision Enterprise Ltd (t/a University Estates v Tiensia" [2010] EWCA Civ 1224, "Potts v Densley" [2011] EWCA Civ 604 (E153582) and "Gladehurst Properties Ltd v Hashemi" [2011] EWCA Civ 604 (E153579). The government is considering making amendments to the existing TDS provisions in the Localism Bill.
590 ## - LOCAL NOTE (RLIN)
Local note KA
650 24 - SUBJECT ADDED ENTRY--TOPICAL TERM
Topical term or geographic name entry element VISION ENTERPRISES V TIENSIA
650 24 - SUBJECT ADDED ENTRY--TOPICAL TERM
Topical term or geographic name entry element POTTS v DENSLEY AND ANOR
650 24 - SUBJECT ADDED ENTRY--TOPICAL TERM
Topical term or geographic name entry element GLADEHURST PROPERTIES v HASHEMI AND ANOR
650 24 - SUBJECT ADDED ENTRY--TOPICAL TERM
Topical term or geographic name entry element LOCALISM BILL
651 #4 - SUBJECT ADDED ENTRY--GEOGRAPHIC NAME
Geographic name ENGLAND AND WALES
690 ## - LOCAL SUBJECT ADDED ENTRY--TOPICAL TERM (OCLC, RLIN)
Topical term or geographic name as entry element PROPERTY-RESIDENTIAL PROPERTY-RESIDENTIAL LANDLORD AND TENANT
942 ## - ADDED ENTRY ELEMENTS (KOHA)
Suppress in OPAC 0
Holdings
Withdrawn status Lost status Source of classification or shelving scheme Damaged status Not for loan Home library Current library Shelving location Date acquired Total Checkouts Full call number Barcode Date last seen Copy number Price effective from Koha item type
    Dewey Decimal Classification     London London Journal article 09/11/2011   L154291 154291-1001 06/08/2019 1 06/08/2019 Journal article